The Vampire Diaries Characters - Statistics

General Stats
  • This quiz has been taken 685 times
  • The average score is 16 of 39
Answer Stats
Cast Member Character Name % Correct
Kat Graham Bonnie Bennett
93%
Claire Holt Rebekah Mikaelson
86%
Daniel Gillies Elijah Mikaelson
84%
Nathaniel Buzolic Kol Mikaelson
73%
Chris Wood Kai Parker
72%
Michael Malarkey Enzo
68%
Kayla Ewell Vicki Donovan
66%
Marguerite MacIntyre Liz Forbes
64%
Jodi Lyn O'Keefe Jo Laughlin
63%
Arielle Kebbel Lexi Branson
57%
Susan Walters Carol Lockwood
55%
Casper Zafer Finn Mikaelson
54%
Malese Jow Anna
53%
Torrey DeVitto Meredith Fell
51%
Sebastian Roché Mikael Mikaelson
50%
Lauren Cohan Rose
45%
Persia White Abby Bennett Wilson
44%
David Anders John Gilbert
44%
Alice Evans Esther Mikaelson
43%
Penelope Mitchell Liv Parker
43%
Kelly Hu Pearl
42%
Taylor Kinney Mason Lockwood
39%
Chris Brochu Luke Parker
38%
Jasmine Guy Sheila Bennett
37%
Mia Kirshner Isobel Flemming
36%
Bianca Lawson Emily Bennett
35%
Jack Coleman Bill Forbes
28%
Melinda Clarke Kelly Donovan
22%
Cassidy Freeman Sage
22%
Chris William Martin Zach Salvatore
19%
Michaela McManus Jules
17%
Robert Pralgo Richard Lockwood
17%
Rick Cosnett Wes Maxfield
17%
Jason MacDonald Grayson Gilbert
12%
Gabrielle Walsh Sarah
12%
Randy J. Goodwin Jonas Martin
9%
Rick Worthy Rudy Hopkins
9%
Gino Anthony Pesi Maddox
8%
Raffi Barsoumian Markos
8%
No matching quizzes found
Score Distribution
Percent of People with Each Score
Percentile by Number Answered
Your Score History
You have not taken this quiz